| 000 | 00540nam a2200157 a 4500 | ||
|---|---|---|---|
| 001 | 000035398 | ||
| 005 | 20200930074319.0 | ||
| 008 | 111031s1971 sp 000 0 spa d | ||
| 040 |
_aDO-SdBNP _bspa _cBNPHU |
||
| 082 |
_axxx _bB463h |
||
| 100 | 1 |
_aBenedict, Ruth _961223 |
|
| 245 | 1 | 3 |
_aEl hombre y la cultura : _bInvestigación sobre los orígenes de la civilazación contemporánea / _cRuth Benedict ; introducción Franz Boas. |
| 260 |
_aBarcelona : _bEdhasa, _c1971. |
||
| 300 |
_a284 p. ; _c19 cm. |
||
| 700 | 1 |
_aBoas, Franz, _eintrod. _961224 |
|
| 999 |
_c34889 _d34889 |
||